Growing up absurd ; Problems of Youth in the Organized Society /
Gespeichert in:
| 1. Verfasser: | |
|---|---|
| Format: | Sách giấy |
| Sprache: | English |
| Veröffentlicht: |
New York :
Vintage Books,
1960.
|
| Tags: |
Tag hinzufügen
Keine Tags, Fügen Sie den ersten Tag hinzu!
|
| Thư viện lưu trữ: | Thư viện Trường Đại học Đà Lạt |
|---|
| LEADER | 00639nam a2200265 4500 | ||
|---|---|---|---|
| 001 | DLU100108751 | ||
| 005 | ##2010064 | ||
| 040 | # | # | |a DLU |b vie |
| 041 | # | # | |a eng |
| 044 | # | # | |a us |
| 082 | # | # | |a 301.431 |b GO-P |
| 100 | # | # | |a Goodman, Paul. |
| 245 | # | # | |a Growing up absurd ; |b Problems of Youth in the Organized Society / |c Paul Goodman. |
| 260 | # | # | |a New York : |b Vintage Books, |c 1960. |
| 300 | # | # | |a xvi, 296 p. ; |c 19 cm. |
| 923 | # | # | |a 100/2010 |
| 992 | # | # | |a 0 |
| 994 | # | # | |a DLU |
| 900 | # | # | |a True |
| 911 | # | # | |a Lý Thị Hồng Hạnh |
| 925 | # | # | |a G |
| 926 | # | # | |a A |
| 927 | # | # | |a SH |
| 980 | # | # | |a Thư viện Trường Đại học Đà Lạt |